000 00310 a2200145 4500
001 60094
020 _a
040 _cAnchieta - Pituba
240 1 0 _aEnem 2009
_lpor
245 1 0 _aEnem 2009
300 _a
362 0 _a2009
650 4 _a. Vestibulares / Exames de admissão em universidades
942 _cBK
999 _c60094
_d60094